Optimalizácia termoplastického škrobu pre aplikácie v polymérnych zmesiach dizertačná práca

Gespeichert in:
Bibliographische Detailangaben
1. Verfasser: Ivanič, František
Format: Buch
Sprache:Slowakisch
Veröffentlicht: Bratislava STU FCHPT 2019
Online-Zugang:Im OPAC anzeigen
Tags: Tag hinzufügen
Keine Tags, Fügen Sie das erste Tag hinzu!

MARC

LEADER 00000nam a2200000 a 4500
005 20260127134042.0
008 200525 2019 xo a 001 0 slo d
035 |a vtls011968962 
039 9 |y 202005251116  |z mschk03 
040 |a STUSCHK1  |b slo  |c STUSCHK1  |e AACR2 
100 1 |a Ivanič, František 
245 1 |a Optimalizácia termoplastického škrobu pre aplikácie v polymérnych zmesiach  |b dizertačná práca  |c František Ivanič 
260 |a Bratislava  |b STU FCHPT  |c 2019 
300 |a 99 s.  |b Obr., tab.  |c 25 cm 
500 |a Študijný program: makromolekulová chémia 
500 |a Študijný odbor.:makromolekulová chémia 
500 |a Školiace pracovisko: Ústav polymérov SAV 
500 |a Evid. číslo: FCHPT-19988-82238 
910 |a SCHK95 
999 |c 2944  |d 2944